000 00362nam a2200145Ia 4500
008 191201s2003 xx 000 0 und d
082 _a621.381548
_bRAD
100 _aRATHORE, T S
245 0 _aDigital Measurement Techniques
250 _a2nd
260 _aN.Delhi
_bNarosa Publication House
_c2003
300 _a309
650 _aB.Tech(ECE)
942 _2ddc
_cBK
999 _c1210
_d1210